Philosophes des Lumières par image - Statistiques

Statistiques générales
  • Ce quiz a été pris 544 fois
  • Le résultat moyen est 7 sur 12
Statistiques - réponses
Par images Réponse % Correct
Voltaire
94%
Jean-Jacques Rousseau
89%
Denis Diderot
71%
Charles Montesquieu
65%
Emmanuel Kant
65%
Baruch Spinoza
53%
Issac Newton
50%
Olympe de Gouges
46%
John Locke
37%
David Hume
36%
Jean d'Alembert
35%
Gottfried Wilhelm Leibniz
28%
Aucun quiz correspondant
Distribution des résultats
% des personnes avec chaque résultat
Percentile par nombre de réponses
Votre historique - résultats
Vous n’avez pas pris ce quiz